=LDR 00000nam 2200000 4500 =001 INLIS000000000044229 =005 20131008105427 =008 ***********************************Ind** =035 ##$$a0010-101300000002151 =041 ##$$a Ind =082 ##$$a 910.409.598.24 =090 ##$$a 910.409 Duk d1 =100 ##$$a Harry Waluyo =245 ##$$a Dukungan Dukungan Budaya Terhadap Perkembangan Ekonomi =260 ##$$a 1993 $b Jakarta =850 ##$$a NBPNMAT =990 ##$$a 0001/BPAP-NTB/20142014 =990 ##$$a 46014601 =990 ##$$a 01201804601 =990 ##$$a 0001/BPAP-NTB/20142014